Mikä Lähi-idän kaupunki? - Statistics

Yleistilastot
  • Tätä visaa on pelattu 278 kertaa
  • Keskiarvotulos 14 / 20
Vastaustilastot
Vihje Vastaus % Oikein
Juutalaisuuden pyhin kaupunki J Jerusalem
97%
Turkin pääkaupunki A Ankara
96%
Tunnettiin ennen nimellä Konstantinopoli I Istanbul
94%
Kaupunki, jossa on maailman korkein rakennus D Dubai
93%
Kaupunki, jossa Muhammed syntyi M Mekka
93%
Nimetty Aleksanteri Suuren mukaan A Aleksandria
88%
Saudi-Arabian pääkaupunki R Riad
86%
Moni vuoden 2022 jalkapallon MM-kilpailujen peleistä pelattiin täällä D Doha
82%
Pääkaupunki, joka on samanniminen kuin itse valtio K Kuwait
80%
Jordanian suurin kaupunki A Amman
73%
Israelin taloudellinen keskus T Tel Aviv
73%
Tunnettiin ennen Lähi-idän Pariisina B Beirut
67%
Punaisenmeren suurin kaupunki, johon on rakenteilla maailman korkein rakennus J Jedda
67%
Kaupunki, jossa Muhammed kuoli M Medina
67%
Umaijadien kalifaatin pääkaupunki D Damaskos
63%
Oli yksi maailman suurimmista kaupungeista, ennen kuin mongolit hävittivät sen vuonna 1258 B Bagdad
53%
Tämä kaupunki rakennettiin Theban raunioille L Luxor
44%
Samannimisen lahden rannalla sijaitseva Jemenin kaupunki A Aden
40%
Palestiinan de facto -pääkaupunki R Ramallah
37%
Tätä kaupunkia pidetään maailman vanhimpana kaupunkina J Jeriko
36%
Ehtoja vastaavia visoja ei löytynyt
Tulosjakauma
Jokaisen tuloksen saaneiden osuus
Persentiili vastausten määrän mukaan
Tuloshistoriasi
Et ole pelannut tätä visaa